书目信息 |
| 题名: |
室内与家具设计CAD教程
|
|
| 作者: | 张帆 , 耿晓杰 编著 | |
| 分册: | ||
| 出版信息: | 北京 中国建筑工业出版社 2005.1 |
|
| 页数: | 181页 | |
| 开本: | 26cm | |
| 丛书名: | ||
| 单 册: | ||
| 中图分类: | TU238-43 , TS664.01-43 | |
| 科图分类: | ||
| 主题词: | 室内设计--shi nei she ji--计算机辅助设计--教材 , 家具--jia ju--计算机辅助设计--教材 , 室内设计--shi nei she ji , 计算机辅助设计--ji suan ji fu zhu she ji , 家具--jia ju | |
| 电子资源: | ||
| ISBN: | 7-112-06821-5 | |
| 000 | 01257nam0 2200349 450 | |
| 000 | 01277nam0 2200349 450 | |
| 000 | 01240nam0 2200337 450 | |
| 000 | 01223nam0 2200337 450 | |
| 000 | 01186nam0 2200325 45 | |
| 001 | 012005000000 | |
| 005 | 200504230101010.0 | |
| 010 | @a7-112-06821-5@d24.00CNY | |
| 100 | @a20050423d2005 em y0chiy0121 ea | |
| 101 | 0 | @achi |
| 102 | @aCN@b110000 | |
| 105 | @af z 000yy | |
| 200 | 1 | @a室内与家具设计CAD教程@Ashi nei yu jia ju she ji CAD jiao cheng@f张帆,耿晓杰编著 |
| 210 | @a北京@c中国建筑工业出版社@d2005.1 | |
| 215 | @a181页@c图@d26cm | |
| 330 | @a本书共分两大部分,第一部分介绍了AutoCAD 2004的基本功能、工作界面、基本设置和基本操作;第二部分结合室内与家具设计图实例进行具体讲解,主要包括室内设计平面图、室内设计立面图、板式家具等内容。 | |
| 606 | 0 | @a室内设计@Ashi nei she ji@x计算机辅助设计@j教材 |
| 606 | 0 | @a家具@Ajia ju@x计算机辅助设计@j教材 |
| 606 | 0 | @a室内设计@Ashi nei she ji |
| 606 | 0 | @a计算机辅助设计@Aji suan ji fu zhu she ji |
| 606 | 0 | @a家具@Ajia ju |
| 610 | 0 | @aCAD |
| 690 | @aTU238-43@v4 | |
| 690 | @aTS664.01-43@v4 | |
| 701 | 0 | @a张帆@Azhang fan@4编著 |
| 701 | 0 | @a耿晓杰@Ageng xiao jie@4编著 |
| 801 | 0 | @aCN@bSRXX@c20050423 |
| 905 | @a10447@dTU238-43@eZ105 | |
| 室内与家具设计CAD教程/张帆,耿晓杰编著.-北京:中国建筑工业出版社,2005.1 |
| 181页:图;26cm |
| ISBN 7-112-06821-5:24.00CNY |
| 本书共分两大部分,第一部分介绍了AutoCAD 2004的基本功能、工作界面、基本设置和基本操作;第二部分结合室内与家具设计图实例进行具体讲解,主要包括室内设计平面图、室内设计立面图、板式家具等内容。 |
| ● |
| 相关链接 |
|
|
|
正题名:室内与家具设计CAD教程
索取号:TU238-43/Z105
 
预约/预借
| 序号 | 登录号 | 条形码 | 馆藏地/架位号 | 状态 | 备注 |
| 1 | 541333 | 205413337 | 建筑库101/101建筑库 53排4列2层/ [索取号:TU238-43/Z105] | 在馆 | |
| 2 | 541334 | 205413346 | 建筑库101/101建筑库 53排4列2层/ [索取号:TU238-43/Z105] | 在馆 |